Rozvoj znalostnej ekonomiky a rast konkurencieschopnosti v kontexte so sociálnou, vednotechnickou a inovačnou politikou

Rozvoj znalostnej ekonomiky a rast konkurencieschopnosti si vyžaduje plne využiť talent a znalosti ľudí, ich schopnosť pracovať s neustále novými informáciami, tvoriť nové poznatky, špičkové technológie a využívať ich v praxi. Kľúčovými pre rozvoj znalostnej ekonomiky a rast konkurencieschopnosti sa...

Ausführliche Beschreibung

Gespeichert in:
Bibliographische Detailangaben
1. Verfasser: Mikulec, Vladimír
Format: Buchkapitel
Sprache:Slowakisch
Schlagworte:
Tags: Tag hinzufügen
Keine Tags, Fügen Sie das erste Tag hinzu!

MARC

LEADER 00000nla$a2200000$$$4500
001 0105693
005 20240502072156.0
041 0 |a slo 
044 |a SK 
245 1 0 |a Rozvoj znalostnej ekonomiky a rast konkurencieschopnosti v kontexte so sociálnou, vednotechnickou a inovačnou politikou  |c Vladimír Mikulec 
520 |a Rozvoj znalostnej ekonomiky a rast konkurencieschopnosti si vyžaduje plne využiť talent a znalosti ľudí, ich schopnosť pracovať s neustále novými informáciami, tvoriť nové poznatky, špičkové technológie a využívať ich v praxi. Kľúčovými pre rozvoj znalostnej ekonomiky a rast konkurencieschopnosti sa stávajú oblasti ako veda, výskum a inovácie, informačná spoločnosť, podnikateľské prostredie, vzdelanie a zamestnanosť. Rozvoj uvedených oblastí je cieľom sociálnej, vednotechnickej a inovačnej politiky. 
610 2 0 |a spoločnosť vedomostná 
610 2 0 |a vedomosti 
610 2 0 |a ekonomika vedomostná 
610 2 0 |a technológie informačné 
610 2 0 |a konkurencieschopnosť 
610 2 0 |a inovácia 
610 2 0 |a investície 
610 2 0 |a financovanie 
100 1 |a Mikulec, Vladimír